| 000 | 02702cgm a2200565 a 4500 | ||
|---|---|---|---|
| 001 | 5628214 | ||
| 005 | 20200421093817.0 | ||
| 007 | vd bvaizm | ||
| 008 | 051129s2006 nyu091 g vlspa d | ||
| 020 | _a0780030621 | ||
| 024 | 1 | _a037429212622 | |
| 028 | 4 | 2 |
_aVIR040DVD _bCriterion Collection |
| 035 | _a(OCoLC)ocm62364657 | ||
| 035 | _a(NNC)5628214 | ||
| 037 |
_bMidwest Tapes _nhttp://www.midwesttapes.com |
||
| 040 |
_aTEFMT _cTEFMT _dRCS _dOCLCA _dNNC |
||
| 041 | 1 |
_aspa _beng _hspa |
|
| 050 | 1 | 4 |
_aPN1995.9.R4 _bV57535363 2006 |
| 082 | 0 | 4 |
_a791.43/72 _222 |
| 245 | 0 | 0 |
_aViridiana _h[videorecording] / _cdirected by Luis Brunel. |
| 260 |
_aIrvington, NY : _bCriterion Collection ; _aChatsworth, CA _bDistributed by Image Entertainment, _c[2006] |
||
| 300 |
_a1 videodisc (ca. 91 min.) : _bsd., b&w ; _c4 3/4 in. |
||
| 490 | 1 |
_aThe Criterion collection _v332 |
|
| 500 | _aTitle from container. | ||
| 500 | _aOriginally released as a motion picture in 1961. | ||
| 500 | _aSpecial feartures: New, restored high-definition digital transfer; new video interviw with Cineaste editor and author Richard Porton; a new essay by author and film historian Michael Wood; original U.S. release trailer; New and improved English subtitle transaction; new, restored high-definition digital transfer; new video interview with Cineaste editor and author Richard Porton ; a new essay by autho and film historian; a new essay by author and film historian Michae Wood. | ||
| 511 | 1 | _aMargarita Lozano, Jose Calvo, Fernando Rey, Francisco Rabal, Silvia Pinal. | |
| 520 | _aViridiana, who is about to become a nun, does her utmost to maintain her Catholic principles, but her lecherous uncle and a motley assemblage of paupers force her to confront the limits of her idealism. | ||
| 521 | 8 | _aNot rated. | |
| 538 | _aDVD, region 1, widescreen (1.66:1) presentation; Dolby Digital mono. | ||
| 546 | _aSpanish dialogue, English subtitles. | ||
| 650 | 0 |
_aMonasticism and religious orders for women _vDrama. _9622 |
|
| 650 | 0 |
_aLust _vDrama. _9623 |
|
| 650 | 7 |
_aMonasticismo y ódenes religiosas de mujeres _vTeatro. _2bidex _9624 |
|
| 655 | 0 | _aFeature films. | |
| 655 | 0 | _aForeign films. | |
| 655 | 0 |
_aMotion pictures, Spanish. _9627 |
|
| 655 | 0 |
_aMelodrama. _9628 |
|
| 655 | 7 |
_aMelodrama _vFeature. _2migfg _9629 |
|
| 700 | 1 |
_aBuñuel, Luis, _d1900-1983. |
|
| 700 | 1 |
_aLozano, Margarita. _9631 |
|
| 700 | 1 |
_aCalvo, José. _9632 |
|
| 700 | 1 |
_aRey, Fernando, _d1917-1994. _9633 |
|
| 710 | 2 | _aCriterion Collection (Firm) | |
| 710 | 2 | _aImage Entertainment (Firm) | |
| 830 | 0 |
_aCriterion collection (DVD videodiscs) ; _v332. |
|
| 942 |
_2ddc _cBK |
||
| 948 | 1 |
_a20060517 _bc _cdws2 _dOSMC |
|
| 999 |
_c46 _d46 |
||